Sextus Empiricus / (Record no. 32426)
[ view plain ]
| 000 -LEADER | |
|---|---|
| fixed length control field | 01065cam a2200277 a 4500 |
| 001 - CONTROL NUMBER | |
| control field | 32426 |
| 003 - CONTROL NUMBER IDENTIFIER | |
| rucl marc code | BD-RJUL |
| 005 - DATE AND TIME OF LATEST TRANSACTION | |
| control field | 20211209051832.0 |
| 008 - FIXED-LENGTH DATA ELEMENTS--GENERAL INFORMATION | |
| fixed length control field | 140426s1953 mau 001 0 eng d |
| 035 ## - SYSTEM CONTROL NUMBER | |
| System control number | (BD-RJUL)32515 |
| 040 ## - CATALOGING SOURCE | |
| Original cataloging agency | VXX |
| Transcribing agency | VXX |
| Modifying agency | BD-RJUL |
| Language of cataloging | eng |
| 041 0# - LANGUAGE CODE | |
| Language code of text/sound track or separate title | enggrc |
| 082 ## - DEWEY DECIMAL CLASSIFICATION NUMBER | |
| Classification number | 188 |
| Author mark and year | SES V-3 1953 |
| 100 0# - MAIN ENTRY--PERSONAL NAME | |
| Personal name | Sextus, |
| 9 (RLIN) | 93711 |
| 245 10 - TITLE STATEMENT | |
| Title | Sextus Empiricus / |
| Statement of responsibility, etc. | with an English translation by R. G. Bury. |
| Number of part/section of a work | Volume III : |
| Name of part/section of a work | Against the physicists, against the ethicists. |
| 250 ## - EDITION STATEMENT | |
| Edition statement | Rev. and repr. |
| 260 ## - PUBLICATION, DISTRIBUTION, ETC. (IMPRINT) | |
| Place of publication, distribution, etc. | Cambridge, Mass. ; |
| Name of publisher, distributor, etc. | Harvard University Press ; |
| Place of publication, distribution, etc. | London : |
| Name of publisher, distributor, etc. | William Heinemann, |
| Date of publication, distribution, etc. | 1953. |
| 300 ## - PHYSICAL DESCRIPTION | |
| Pagination | vii, 555 p. [10] ; |
| Size | 17 cm. |
| 490 1# - SERIES STATEMENT | |
| Series statement | Loeb classical library |
| 504 ## - BIBLIOGRAPHY, ETC. NOTE | |
| Bibliography, etc | includes index. |
| 505 0# - FORMATTED CONTENTS NOTE | |
| Formatted contents note | V. 1. Outlines of Pyrrhonism. -- v. 2. Against the logicians. -- v. 3. Against the physicists. Against the ethicists. -- v. 4. Against the professors. |
| 650 #0 - SUBJECT ADDED ENTRY--TOPICAL TERM | |
| Topical term or geographic name as entry element | Physique |
| General subdivision | Philosophie. |
| 9 (RLIN) | 98660 |
| 700 1# - ADDED ENTRY--PERSONAL NAME | |
| Personal name | Bury, Robert Gregg, |
| Dates associated with a name | 1869- |
| 830 #0 - SERIES ADDED ENTRY--UNIFORM TITLE | |
| Uniform title | Loeb classical library |
| 942 ## - ADDED ENTRY ELEMENTS (KOHA) | |
| Source of classification or shelving scheme | Dewey Decimal Classification |
| Koha item type | Books |
| Lost status | Source of classification or shelving scheme | Damaged status | Not for loan | Collection code | Permanent Location | Current Location | Shelving location | Date acquired | Source of acquisition | Cost, normal purchase price | Total Checkouts | Full call number | Date last seen | Copy number | Koha item type |
|---|---|---|---|---|---|---|---|---|---|---|---|---|---|---|---|
| Dewey Decimal Classification | Not For Loan | Non-fiction | Central Library, University of Rajshahi | Central Library, University of Rajshahi | Reading Room | 10/03/1955 | Simpkin Marshall | 15.00 | 188 SES V-3 1953 | 26/04/2014 | C-1 | Books |